00198nam a2200073Ia 4500008004100000100001400041245004100055260002800096170817s9999 xx 000 0 und d aSingh.P K 0aSamaajik vigyaan evam uska Shikshaan bAgarwal Prakashan Agara